zpět

Detail výsledku týmu

Pivovar Parník, Přerov

Datum a čas kvízu

26 Celkem bodů Celkový počet nahraných bodů na tomto kvízu bez doplňovacích otázek.
5. Pořadí na kvízu Konečné umístění týmu na tomto kvízu.

Zaznamenané odpovědi

# Otázka Odpověď Body Výsledky
1. Obvodní soud pro Prahu 2 v pon... 0
2. Německé město Trevír minulý tý... 1
3. Kdo poslouchal dne 21. března... 0
4. Majitelé účtů v České spořitel... 0
5. Ačkoli sportovní novináři i fa... 0
6. Budeme se zabývat slovy, která... 1
7. Bezpečnostní informační služba... 0
8. Který známý japonský spisovate... 1
9. Logo které mezinárodní organiz... 1
10. Jak se jmenuje zřícenina hradu... 1